[Event "IND-ch U12"]
[Site "Srinivasapura"]
[Date "2022.04.10"]
[Round "3"]
[White "Mithiran, A."]
[Black "Aakash, G2222"]
[Result "0-1"]
[WhiteElo "1328"]
[BlackElo "1611"]
[PlyCount "52"]
[EventDate "2022.04.09"]
[EventType "swiss"]
[EventRounds "11"]
[EventCountry "IND"]
[SourceTitle "EXT 2023"]
[Source "ChessBase"]
[SourceDate "2022.10.05"]
[SourceVersion "1"]
[SourceVersionDate "2022.10.05"]
[SourceQuality "1"]

1. e4 e6 2. d4 d5 3. Nc3 Nf6 4. e5 Nfd7 5. Nce2 c5 6. c3 Nc6 7. f4 Be7 8. Nf3 f6 9. Ng3 cxd4 10. cxd4 fxe5 11. fxe5 0-0 12. Bd3 Qb6 13. Ne2 Kh8 14. Qb3 Bb4+ 15. Bd2 Bxd2+ 16. Nxd2 Qd8 17. 0-0-0 Nb6 18. Rhf1 Bd7 19. Bc2 Qh4 20. Qa3 Rfc8 21. Rf4 Qe7 22. Qh3 g5 23. Rf6 Nb4 24. Nc3 Na4 25. Rdf1 Nxc3 26. Rf7 Nbxa2# 0-1